Malcolm en 20 qui dit quoi - Statistiques

Statistiques générales
  • Ce quiz a été pris 515 fois
  • Le résultat moyen est 11 sur 20
Statistiques - réponses
Hint Réponse % Correct
Qui dit : "Toi, tu vis ! Toi, tu vis ! Toi, tu vis ! Toi, tu crèves !.." Dewey
90%
Qui dit : "Vous pourrez remercier votre camarade après mon départ." Spangler
75%
Qui dit : "Au secours, aidez moi, mon majordome qui est un singe essaye de me tuer, je ne sais pas combien de temps il me reste à vivre" Craig
74%
Qui dit : "La cinquième couche du gratin de reste de cette semaine, c’est le reste du gratin de la semaine dernière." Malcolm
73%
Qui dit : "Ton patron est un idiot, tes collègues sont incompétents, et tu es sous-estimé. Bienvenue dans le monde du travail." Lois
69%
Qui dit : "Je connais une super blague ! Qu’est-ce que tu dirais d’une ballade sur la plage, de sentir les embruns sur ton visage et le vent dans tes cheveux" Reese
67%
Qui dit : "Et vous vous prétendez joueur de poker, et vous n’avez pas de jeu de cartes ?" Abe
57%
Qui dit : "Reese, sans toi, notre école c’est le chaos, l’anarchie ! Regarde autour de nous !" Dabney
52%
Qui dit : "Je (ne) sens plus mes jambes" Stevie
52%
Qui dit : "Moi brave ? Je suis seulement un gars stupide avec une chance insolente" Francis
51%
Qui dit : "Ça c est un prélèvement à la source ou alors je m'y connais pas" Richie
49%
Qui dit : "Par tous les saints du calendrier, pourquoi il n'y a jamais de thé glacé dans ce pichet ?" Hal
47%
Qui dit : " Chère Madame, ne secouez pas votre main devant mon visage ! " Piama
47%
Qui dit : "On s’est foutu de toi ! Les dollars, ici, ils sont comme ailleurs !" Eric
46%
Qui dit : " Oh Dieu du ciel, c est une vraie grenade, ne la lâche surtout pas, on va mourir tous les deux" Victor
44%
Qui dit : "Tu vois, si je maintiens la pression plus de dix secondes, alors tu perds connaissance. Si je la maintiens plus de vingt secondes, alors tu meurs d’une hémorragie cérébrale !" Cynthia
42%
Qui dit : "Le rêve devient réalité ! On vit à l’intérieur de l’école nuit et jour !" Lloyd
39%
Qui dit : "La dernière chose dont j’ai besoin, voyou, c’est qu’on vienne me tourner autour !" Lavernia
38%
Qui dit : "A la frontière, une fois, j’ai tué un homme, sans aucun scrupule !" Ida
35%
Qui dit : "Je commence à croire que c est bien la glacière du pique nique qui est au barrage " Otto
33%
Aucun quiz correspondant
Distribution des résultats
% des personnes avec chaque résultat
Percentile par nombre de réponses
Votre historique - résultats
Vous n’avez pas pris ce quiz